00346nam a22001457a 4500003000400000008004100004020001800045082001500063100001900078245001700097250001600114260002300130650002600153700002100179OSt220420b ||||| |||| 00| 0 eng d a9789339203467 a346.65 TUB aTULSIAN, P. C. aBusiness Law a3rd Edition aChennaibTMHc2021 aBusiness Law Commerce aTULISIAN, Bharat